Score 0/16 Timer 05:00
0 Plays Today
Jaar Trainer % Correct
2019-2020Gonzalo Garcia Garcia
92.2%
2006-2008Fred Rutten
89.1%
1999-2001Fred Rutten
89.1%
2012-2013Steve McClaren
82.8%
2008-2010Steve McClaren
82.8%
2010-2011Michel Preud'homme
78.1%
2017-2018Gert-Jan Verbeek
71.9%
2018-2019Marino Pusic
70.3%
Jaar Trainer % Correct
2015-2017Rene Hake
56.3%
2011-2012Co Adriaanse
56.3%
2014-2015Alfred Schreuder
54.7%
2013-2014Michel Jansen
45.3%
2002-2004René Vandereycken
39.1%
2004-2006Rini Coolen
35.9%
2006Jan van Staa
31.3%
2001-2002John van 't Schip
31.3%
Remove Ads.
Support Sporcle.
Get the best of Sporcle when you Go Orange. This ad-free experience offers more features, more stats, and more fun while also helping to support Sporcle. Thank you for becoming a member.

You're not logged in!

Compare scores with friends on all Sporcle quizzes.
OR
Log In

Sporcle TV

Today on Sporcle TV


Watch our educational content, quiz creation guides, and fun videos on Sporcle TV.

Show Comments

Extras

Top Quizzes Today


Score Distribution

Paid Content

Your Account Isn't Verified!

In order to create a playlist on Sporcle, you need to verify the email address you used during registration. Go to your Sporcle Settings to finish the process.

Report this User

Report this user for behavior that violates our Community Guidelines.

Details: